[Event "2LD 24/25,Policka-Jihlava A"]
[Site ""]
[Date "2025.02.23"]
[Round "9.2"]
[White "Kulovana, Eva"]
[Black "Cesenek, Jan"]
[WhiteElo "2112"]
[BlackElo "2082"]
[Result "0-1"]
[PlyCount "94"]

1. e4 c5 2. Nf3 d6 3. Bb5+ Nd7 4. d4 cxd4 5. Qxd4 Ngf6 6. Bg5 a6 7. Bxd7+ Bxd7
8. Bxf6 gxf6 9. O-O Rg8 10. Kh1 e6 11. Nc3 Be7 12. Qe3 Rg7 13. Nd4 Qa5 14. f4
O-O-O 15. Nb3 Qc7 16. Rf3 Rdg8 17. Qf2 Kb8 18. Rd1 Bc6 19. Nd4 Bd8 20. Rdd3 b5
21. a3 Qb7 22. Nxc6+ Qxc6 23. Rg3 Bb6 24. Rxg7 Rxg7 25. Qd2 Qc5 26. Qe1 Rg4 27.
g3 h5 28. Kg2 h4 29. h3 Rg8 30. g4 f5 31. Kf3 fxe4+ 32. Nxe4 Qxc2 33. Rxd6 Bc7
34. Rd2 Qc6 35. Qxh4 f5 36. Qe1 fxe4+ 37. Qxe4 Qc1 38. Re2 Rf8 39. f5 Qf1+ 40.
Ke3 Bb6+ 41. Kd2 Rd8+ 42. Kc3 Rc8+ 43. Kb3 Qd1+ 44. Rc2 Rxc2 45. Qxc2 Qd5+ 46.
Kc3 Qc4+ 47. Kd2 Be3+ 0-1

[Event "2LD 24/25,Policka-Jihlava A"]
[Site ""]
[Date "2025.02.23"]
[Round "9.3"]
[White "Svanda, Adam"]
[Black "Pavlis, Matej"]
[WhiteElo "2017"]
[BlackElo "2039"]
[Result "0-1"]
[PlyCount "45"]

1. c4 e5 2. Nc3 Nf6 3. g3 d5 4. cxd5 Nxd5 5. Bg2 Nb6 6. Nf3 Nc6 7. O-O Be7 8.
d3 O-O 9. Be3 Re8 10. a3 Bf8 11. b4 Nd4 12. Ne4 a5 13. Rb1 axb4 14. axb4 Ra2
15. Nc3 Ra8 16. Ne4 c6 17. Nc5 Ra2 18. Bd2 Nd5 19. e3 Nb5 20. Qb3 Ra3 21. Qc2
Bxc5 22. bxc5 Ndc3 23. Bc1 0-1

[Event "2LD 24/25,Policka-Jihlava A"]
[Site ""]
[Date "2025.02.23"]
[Round "9.4"]
[White "Zednicek, Filip"]
[Black "Pavlicek, Lukas"]
[WhiteElo "2002"]
[BlackElo "1985"]
[Result "0-1"]
[PlyCount "66"]

1. e4 c5 2. c3 Nf6 3. e5 Nd5 4. d4 cxd4 5. cxd4 d6 6. Nf3 Nc6 7. Bc4 dxe5 8.
dxe5 Be6 9. Ng5 Nc3 10. Qxd8+ Rxd8 11. Be2 Nxe2 12. Nxe6 fxe6 13. Kxe2 Nd4+ 14.
Kd1 Nb3+ 15. Bd2 Nxa1 16. Na3 g5 17. Ke2 Bg7 18. Bc3 Rd5 19. Rxa1 Bxe5 20. Bxe5
Rxe5+ 21. Kf1 Kf7 22. Nc4 Rc5 23. b3 b5 24. Na3 Rhc8 25. Ke2 a6 26. Rd1 Re5+
27. Kf1 Rd5 28. Ke2 Kf6 29. h3 h6 30. Rd2 Rc1 31. Nc2 Rxd2+ 32. Kxd2 Rg1 33.
Nb4 Ra1 0-1

[Event "2LD 24/25,Policka-Jihlava A"]
[Site ""]
[Date "2025.02.23"]
[Round "9.5"]
[White "Novak, Ales"]
[Black "Rybacek, Martin"]
[WhiteElo "2081"]
[BlackElo "1912"]
[Result "1-0"]
[PlyCount "85"]

1. d4 Nf6 2. Nc3 d5 3. Bf4 a6 4. e3 g6 5. h4 Bg7 6. Nf3 c5 7. Qd2 Nc6 8. Be2
Bg4 9. O-O Ne4 10. Nxe4 dxe4 11. Ng5 Bxe2 12. Qxe2 cxd4 13. exd4 Qxd4 14. c3
Qd3 15. Qxe4 Qxe4 16. Nxe4 O-O 17. Rfd1 e5 18. Be3 f5 19. Nd6 b5 20. Nb7 Rf7
21. Nc5 f4 22. Bc1 Bf6 23. g3 Bd8 24. Ne4 fxg3 25. fxg3 Bb6+ 26. Kg2 Na5 27. b3
Nb7 28. Ba3 Rc8 29. Rd5 Rf5 30. Rad1 Be3 31. Rd7 Nc5 32. Bxc5 Bxc5 33. Rb7 Bf8
34. Rdd7 h6 35. Rb6 Bg7 36. Rxg6 Rf7 37. Rxf7 Kxf7 38. Rxa6 Ke7 39. Ra7+ Kf8
40. Rd7 Ra8 41. Rd2 h5 42. Nd6 Rb8 43. Kf3 1-0

[Event "2LD 24/25,Policka-Jihlava A"]
[Site ""]
[Date "2025.02.23"]
[Round "9.6"]
[White "Policar, Martin"]
[Black "Houska, Bronislav"]
[WhiteElo "1917"]
[BlackElo "2006"]
[Result "1-0"]
[PlyCount "45"]

1. Nf3 c5 2. g3 g6 3. Bg2 Bg7 4. d4 Nf6 5. O-O O-O 6. c4 cxd4 7. Nxd4 d5 8.
cxd5 Nxd5 9. Nb5 a6 10. N1c3 Nxc3 11. Nxc3 Nc6 12. Qa4 Bd7 13. Rd1 Bxc3 14.
bxc3 Qc7 15. Bf4 e5 16. Bh6 Rfe8 17. Qh4 Re6 18. Bd5 Rae8 19. Bxe6 Rxe6 20. Qc4
Rd6 21. Qc5 Rxd1+ 22. Rxd1 Qc8 23. Rxd7 1-0

[Event "2LD 24/25,Policka-Jihlava A"]
[Site ""]
[Date "2025.02.23"]
[Round "9.7"]
[White "Kastner, Oldrich"]
[Black "Mirzoyan, Aram"]
[WhiteElo "2040"]
[BlackElo "1776"]
[Result "1/2-1/2"]
[PlyCount "98"]

1. d4 d5 2. Bf4 Nf6 3. e3 c6 4. c4 Bf5 5. Nc3 e6 6. Qb3 Qb6 7. c5 Qxb3 8. axb3
Nbd7 9. b4 Be7 10. h3 O-O 11. b5 Nb8 12. Nf3 cxb5 13. Bxb5 a6 14. Ne5 Rd8 15.
O-O Ne4 16. Nxe4 Bxe4 17. f3 Bg6 18. b4 f6 19. Nxg6 hxg6 20. Bd3 g5 21. Bg3 Nc6
22. Rab1 f5 23. Rfd1 Bf6 24. Bf2 Na7 25. b5 Nxb5 26. Bxb5 axb5 27. Rxb5 Rd7 28.
Rdb1 Ra7 29. R5b4 f4 30. g3 fxe3 31. Bxe3 e5 32. Rd1 exd4 33. Bxd4 Ra5 34. Bf2
d4 35. Bxd4 Bxd4+ 36. Rbxd4 Rxd4 37. Rxd4 Rxc5 38. Rd8+ Kh7 39. Rb8 Rc1+ 40.
Kf2 Rb1 41. Ke3 b5 42. Ke4 b4 43. Kf5 Rb3 44. Kg4 Kh6 45. Rb6+ Kh7 46. Rb5 Kh6
47. Rb6+ Kh7 48. Rb5 Kh6 49. Rb6+ Kh7 1/2-1/2

[Event "2LD 24/25,Policka-Jihlava A"]
[Site ""]
[Date "2025.02.23"]
[Round "9.8"]
[White "Kocman, Patrik"]
[Black "Lorenc, Oldrich"]
[WhiteElo "1839"]
[BlackElo "2028"]
[Result "1/2-1/2"]
[PlyCount "121"]

1. e4 g6 2. d4 Bg7 3. Nc3 d6 4. Nf3 Nd7 5. Be2 c5 6. d5 Ngf6 7. O-O a6 8. a4 b6
9. Be3 Rb8 10. Qd3 Qc7 11. h3 O-O 12. Rfd1 Ne8 13. Rab1 Ne5 14. Nxe5 Bxe5 15.
Bh6 Ng7 16. f4 Bd4+ 17. Kh1 f5 18. Bf3 Rf7 19. Ne2 Bf6 20. Bg5 c4 21. Qe3 Qc5
22. Qxc5 bxc5 23. Bxf6 exf6 24. Rd2 Rfb7 25. c3 Bd7 26. Kg1 Bxa4 27. Kf2 Bd7
28. Nc1 a5 29. Be2 fxe4 30. Bxc4 a4 31. Ne2 Nf5 32. Rc2 a3 33. b3 Bb5 34. Bxb5
Rxb5 35. Nc1 c4 36. b4 Rxd5 37. Ra1 Ra8 38. Rca2 e3+ 39. Ke2 Re8 40. Rc2 Ng3+
41. Ke1 Re4 42. Ne2 Nxe2 43. Kxe2 Rxf4 44. Kxe3 g5 45. Rxa3 Kf7 46. Ra5 Ke6 47.
Rxd5 Kxd5 48. Rd2+ Ke5 49. Rb2 Rf1 50. b5 Ra1 51. b6 Ra8 52. b7 Rb8 53. g4 Kd5
54. Rb4 Kc5 55. Rb2 d5 56. Rb1 Re8+ 57. Kf2 Rb8 58. Ke3 Re8+ 59. Kf2 Rb8 60.
Ke3 Re8+ 61. Kf2 1/2-1/2

[Event "2LD 24/25,Lipa-Univerzita Brno"]
[Site ""]
[Date "2025.02.23"]
[Round "9.1"]
[White "Cheraghi, Amin"]
[Black "Gajdos, Daniel"]
[WhiteElo "2337"]
[BlackElo "2148"]
[Result "1-0"]
[PlyCount "54"]

1. Nf3 Nf6 2. c4 g6 3. b3 Bg7 4. Bb2 O-O 5. g3 c6 6. Bg2 d5 7. O-O a5 8. d3 Na6
9. a3 dxc4 10. bxc4 Nc5 11. Qc2 Bf5 12. Nh4 Be6 13. d4 Ncd7 14. e4 Nb6 15. Nd2
c5 16. d5 Bd7 17. e5 Ba4 18. Qd3 Nfd7 19. Nhf3 Rb8 20. Rae1 Qc7 21. Bc3 Nc8 22.
e6 fxe6 23. Bxg7 Kxg7 24. Ng5 Rf6 25. Nxe6+ Rxe6 26. Rxe6 Nf6 27. Re3 Bd7 1-0

[Event "2LD 24/25,Lipa-Univerzita Brno"]
[Site ""]
[Date "2025.02.23"]
[Round "9.2"]
[White "Kisa, Lubomir"]
[Black "Jirasek, Pavel"]
[WhiteElo "2133"]
[BlackElo "2276"]
[Result "0-1"]
[PlyCount "64"]

1. e4 e5 2. Nf3 Nc6 3. Bb5 a6 4. Bxc6 dxc6 5. Nc3 f6 6. Ng1 Be6 7. Nge2 Qd7 8.
d3 Bd6 9. Be3 c5 10. f4 exf4 11. Bxf4 Ne7 12. Qd2 Ng6 13. Bxd6 cxd6 14. Nf4
Nxf4 15. Qxf4 O-O 16. O-O b5 17. Rae1 Rae8 18. Ne2 d5 19. exd5 Bxd5 20. Nc3 Bc6
21. a3 a5 22. b4 cxb4 23. axb4 axb4 24. Qxb4 Qa7+ 25. d4 Qb7 26. Rxe8 Rxe8 27.
Rd1 Bxg2 28. Qxb5 Qa8 29. d5 Bf3 30. Rb1 Qa7+ 31. Qb6 Qd7 32. Rb4 Qh3 0-1

[Event "2LD 24/25,Lipa-Univerzita Brno"]
[Site ""]
[Date "2025.02.23"]
[Round "9.3"]
[White "Rokos, Filip"]
[Black "Svehla, Karel"]
[WhiteElo "2153"]
[BlackElo "2080"]
[Result "1-0"]
[PlyCount "117"]

1. e4 e6 2. d4 d5 3. Nd2 f5 4. exf5 exf5 5. Bd3 Nf6 6. Ne2 Bd6 7. Nf3 O-O 8.
O-O Re8 9. c3 c6 10. Bf4 Bxf4 11. Nxf4 Qd6 12. g3 Ne4 13. Ne5 Nd7 14. Nxd7 Bxd7
15. f3 Nf6 16. Qd2 Re7 17. Rae1 Rae8 18. Bc2 Bc8 19. Nd3 b6 20. Rxe7 Rxe7 21.
Re1 c5 22. Ne5 h6 23. Ng6 Rxe1+ 24. Qxe1 Kf7 25. Ne5+ Kg8 26. Nd3 cxd4 27. cxd4
Kf7 28. Qc3 Bd7 29. a3 g5 30. Ne5+ Kg7 31. Qd3 Be6 32. g4 Qc7 33. gxf5 Bc8 34.
Qc3 Qxc3 35. bxc3 Nh5 36. Kf2 Nf4 37. Ng4 h5 38. Ne3 Kf6 39. Bb3 Bb7 40. Ba4
Bc8 41. Bc6 Bxf5 42. Nxd5+ Ke6 43. Nxf4+ gxf4 44. h4 Bg6 45. Ke2 Kd6 46. Be4
Bf7 47. Kd3 b5 48. Kc2 a5 49. Kb2 Be8 50. a4 bxa4 51. c4 Bf7 52. c5+ Kc7 53. d5
Be8 54. d6+ Kd7 55. Bd5 Bg6 56. Ka3 Bc2 57. Bf7 Bd1 58. Bxh5 Kc6 59. Be8+ 1-0

[Event "2LD 24/25,Lipa-Univerzita Brno"]
[Site ""]
[Date "2025.02.23"]
[Round "9.4"]
[White "Jelinek, Ota"]
[Black "Kracik, Tomas"]
[WhiteElo "2111"]
[BlackElo "2160"]
[Result "1/2-1/2"]
[PlyCount "22"]

1. e4 c5 2. Nc3 Nc6 3. g3 g6 4. Bg2 Bg7 5. d3 d6 6. f4 e5 7. Nf3 Nge7 8. Ne2
O-O 9. O-O d5 10. Nxe5 Nxe5 11. fxe5 dxe4 1/2-1/2

[Event "2LD 24/25,Lipa-Univerzita Brno"]
[Site ""]
[Date "2025.02.23"]
[Round "9.5"]
[White "Pokorny, Zdenek"]
[Black "Ibrahim, Emad"]
[WhiteElo "2200"]
[BlackElo "2031"]
[Result "1/2-1/2"]
[PlyCount "43"]

1. e4 c5 2. c3 g6 3. d4 d5 4. dxc5 dxe4 5. Qa4+ Nc6 6. Qxe4 Nf6 7. Qh4 Qd5 8.
Nf3 Bg4 9. Be2 Qxc5 10. O-O Bg7 11. Be3 Qa5 12. h3 Bf5 13. Nbd2 O-O 14. Nd4
Nxd4 15. Bxd4 Rfe8 16. Nc4 Qc7 17. Be5 Qc6 18. Bf3 Qa6 19. Ne3 Be6 20. c4 Rac8
21. Rfc1 Red8 22. b3 1/2-1/2

[Event "2LD 24/25,Lipa-Univerzita Brno"]
[Site ""]
[Date "2025.02.23"]
[Round "9.6"]
[White "Bakos, Eduard"]
[Black "Safarik, Jakub"]
[WhiteElo "2067"]
[BlackElo "2148"]
[Result "0-1"]
[PlyCount "88"]

1. e4 c5 2. c3 d5 3. exd5 Qxd5 4. Nf3 Nc6 5. Na3 Nf6 6. h3 e6 7. Nc4 Be7 8. Be2
O-O 9. O-O b6 10. Ne3 Qd8 11. d4 cxd4 12. cxd4 Bb7 13. b3 Rc8 14. Bb2 Nb4 15.
Ne5 Nfd5 16. Nxd5 Nxd5 17. Bf3 Bd6 18. Qe2 Qg5 19. Bxd5 Bxd5 20. f4 Qg3 21. Qf2
Qxf2+ 22. Rxf2 f6 23. Nd3 Rc7 24. Re1 g6 25. Rfe2 Kf7 26. Kf2 Rfc8 27. g3 Rc2
28. Rxc2 Rxc2+ 29. Re2 Rxe2+ 30. Kxe2 a5 31. Kd2 Ke7 32. Kc3 Kd7 33. Bc1 Kc6
34. h4 h5 35. Be3 Be4 36. Bf2 Kd5 37. Kd2 b5 38. Nc5 Bb1 39. a3 e5 40. b4 axb4
41. axb4 exd4 42. Nd7 Bxb4+ 43. Kc1 Bf5 44. Nxf6+ Kc4 0-1

[Event "2LD 24/25,Lipa-Univerzita Brno"]
[Site ""]
[Date "2025.02.23"]
[Round "9.7"]
[White "Szucs, Matyas"]
[Black "Hladik, Josef"]
[WhiteElo "2107"]
[BlackElo "1993"]
[Result "1-0"]
[PlyCount "77"]

1. e4 e5 2. Nf3 Nc6 3. Bc4 Bc5 4. c3 Nf6 5. d3 d6 6. a4 a5 7. Nbd2 O-O 8. O-O
h6 9. Re1 Bb6 10. Nf1 Be6 11. Ng3 Ne7 12. Bb3 Ng6 13. d4 Re8 14. Be3 Ng4 15. d5
Nxe3 16. fxe3 Bg4 17. h3 Bxf3 18. Qxf3 Nh4 19. Qf2 Qg5 20. Kh2 Re7 21. Nf1 Ng6
22. g3 Nf8 23. Nd2 Nd7 24. Nf3 Qf6 25. Rf1 g6 26. Qe2 Qg7 27. Bc2 Kh7 28. Nd2
Rg8 29. Rf3 Qf8 30. Raf1 Rg7 31. Qb5 Qa8 32. Nc4 Qa6 33. Qxa6 bxa6 34. b4 axb4
35. cxb4 Kg8 36. a5 Ba7 37. Ba4 Nb8 38. Rc1 Kf8 39. Nxd6 1-0

[Event "2LD 24/25,Lipa-Univerzita Brno"]
[Site ""]
[Date "2025.02.23"]
[Round "9.8"]
[White "Uhmann, Jan"]
[Black "Sedivy, Martin"]
[WhiteElo "1968"]
[BlackElo "2137"]
[Result "1/2-1/2"]
[PlyCount "84"]

1. e4 c5 2. Nf3 Nc6 3. d4 cxd4 4. Nxd4 e5 5. Nb5 d6 6. N1c3 a6 7. Na3 b5 8. Nd5
Nf6 9. Bg5 Be7 10. Bxf6 Bxf6 11. Be2 O-O 12. O-O Bg5 13. c4 b4 14. Nc2 a5 15.
Nce3 Bxe3 16. fxe3 Be6 17. Rc1 Bxd5 18. exd5 Ne7 19. c5 dxc5 20. d6 Nc8 21. d7
Nb6 22. Bb5 Qe7 23. Qf3 Ra7 24. Qc6 Nxd7 25. Rfd1 Qg5 26. Kf2 Nf6 27. h3 Qh4+
28. Kg1 Qg3 29. Qxc5 Raa8 30. Bc6 Rac8 31. Qb6 h5 32. Rd6 Ne4 33. Rd7 Qf2+ 34.
Kh2 Ng5 35. Rcd1 e4 36. Kh1 Qf6 37. R7d6 Qxb2 38. Qxa5 Ne6 39. Bxe4 Rc5 40. Qb6
Qxa2 41. Qxb4 Rc4 42. Qb1 Qxb1 1/2-1/2

[Event "2LD 24/25,Polabiny C-Rychnov n/Kn"]
[Site ""]
[Date "2025.02.23"]
[Round "9.1"]
[White "Jedlicka, Ales"]
[Black "Horak, Jan"]
[WhiteElo "2105"]
[BlackElo "2149"]
[Result "1/2-1/2"]
[PlyCount "133"]

1. Nf3 d5 2. d4 c5 3. c4 e6 4. cxd5 exd5 5. g3 Nc6 6. Bg2 cxd4 7. Nxd4 Nf6 8.
O-O Be7 9. Nc3 O-O 10. Bg5 h6 11. Be3 Be6 12. h3 Qd7 13. Nxe6 fxe6 14. f4 Rfd8
15. Bf2 Rac8 16. Qa4 b6 17. Rac1 Bc5 18. e4 d4 19. Rfd1 Qe7 20. Nb1 e5 21. Nd2
exf4 22. gxf4 Nh5 23. Qb3+ Kh8 24. Qf3 Qf7 25. Nb3 Be7 26. e5 Nb4 27. Rxc8 Rxc8
28. e6 Qxf4 29. Qxh5 Rf8 30. Bxd4 Bd6 31. Bxg7+ Kxg7 32. Qg4+ Qxg4 33. hxg4 Be5
34. a3 Nc2 35. Rd2 Ne3 36. Re2 Bf4 37. Nd4 Kf6 38. Rf2 Ke7 39. Bh3 Nd1 40. Nf5+
Rxf5 41. gxf5 Nxf2 42. Kxf2 Bc1 43. b4 b5 44. Bf1 Bxa3 45. Bxb5 Bxb4 46. Kf3 h5
47. Ba4 a5 48. Kg3 Be1+ 49. Kf4 Bd2+ 50. Kg3 Bg5 51. Bd1 h4+ 52. Kg4 Bf6 53.
Ba4 Kd6 54. Be8 Kc5 55. Bd7 Kd4 56. Ba4 Kd5 57. Be8 Ke5 58. Ba4 Kd6 59. Be8 Kc5
60. Bd7 Bd8 61. Be8 Kb4 62. Bd7 a4 63. Bxa4 Kxa4 64. f6 Bxf6 65. e7 Bxe7 66.
Kh3 Kb5 67. Kh2 1/2-1/2

[Event "2LD 24/25,Polabiny C-Rychnov n/Kn"]
[Site ""]
[Date "2025.02.23"]
[Round "9.2"]
[White "Mik, Tomas"]
[Black "Stocek, Martin"]
[WhiteElo "2081"]
[BlackElo "2096"]
[Result "1/2-1/2"]
[PlyCount "144"]

1. e4 c6 2. Nc3 d5 3. Nf3 Bg4 4. h3 Bxf3 5. Qxf3 e6 6. d3 Nd7 7. Be2 Bc5 8. O-O
Ne7 9. Qg3 O-O 10. Kh1 Ng6 11. Bd2 Qh4 12. Qxh4 Nxh4 13. f4 f5 14. exd5 exd5
15. g3 Ng6 16. Rae1 Rfe8 17. Bf3 Rxe1 18. Bxe1 Re8 19. Kg2 Kf7 20. Ne2 Ne7 21.
Bc3 Nf8 22. Nc1 Ne6 23. Nb3 Bb6 24. Re1 Nc8 25. Be5 Bc7 26. Kf2 Bd6 27. d4 Nd8
28. Rd1 Be7 29. Nc1 Ne6 30. Nd3 Nb6 31. b3 Rc8 32. a4 Nd7 33. Re1 Re8 34. Re2
Rh8 35. Bh5+ Kf8 36. g4 Nxe5 37. Nxe5 g6 38. Bxg6 Bh4+ 39. Ke3 Bg3 40. Bxf5
Nxf4 41. Rd2 Nxh3 42. Rg2 Bf4+ 43. Kf3 Bc1 44. Rh2 Ng5+ 45. Ke2 Kg7 46. Kd3 Re8
47. c3 h6 48. a5 Bf4 49. Re2 c5 50. b4 c4+ 51. Kc2 Nf7 52. Bg6 Bxe5 53. Bxf7
Kxf7 54. dxe5 Re6 55. Rf2+ Ke7 56. Rf5 Rg6 57. Rh5 Ke6 58. Kd2 Rxg4 59. Rxh6+
Kxe5 60. Rh7 Rg2+ 61. Ke3 Rc2 62. Rh5+ Kd6 63. Rh6+ Kd7 64. Kd4 Rd2+ 65. Kc5
Rd3 66. Rd6+ Kc7 67. Rxd5 Rxc3 68. Rd4 Rc1 69. Rxc4 Rxc4+ 70. Kxc4 Kd6 71. b5
a6 72. bxa6 bxa6 1/2-1/2

[Event "2LD 24/25,Polabiny C-Rychnov n/Kn"]
[Site ""]
[Date "2025.02.23"]
[Round "9.3"]
[White "Lihotsky, Lukas"]
[Black "Korenova, Martina"]
[WhiteElo "2067"]
[BlackElo "2055"]
[Result "1-0"]
[PlyCount "95"]

1. d4 g6 2. c4 Bg7 3. e4 d6 4. Nc3 Nf6 5. Be2 O-O 6. Nf3 e5 7. O-O Nc6 8. d5
Ne7 9. Ne1 Ne8 10. Be3 f5 11. f3 f4 12. Bf2 g5 13. c5 Kh8 14. a4 h5 15. a5 dxc5
16. Nd3 b6 17. b4 cxb4 18. Nxb4 Bd7 19. Nb5 a6 20. d6 axb5 21. dxe7 Qxe7 22.
Nd5 Qe6 23. axb6 Rxa1 24. Qxa1 cxb6 25. Qb2 g4 26. Bxb5 gxf3 27. Bxd7 Qxd7 28.
gxf3 Rg8 29. Bxb6 Nd6 30. Qe2 Bf6+ 31. Kh1 Bd8 32. Rg1 Rxg1+ 33. Bxg1 Qh3 34.
Qg2 Qxg2+ 35. Kxg2 Kg7 36. Bc5 Nf7 37. Bb4 Kg6 38. Bc3 Bg5 39. Kf2 Bd8 40. Ke2
Bf6 41. Nb6 Nd8 42. Nd7 Nc6 43. Kd3 Bg7 44. Kc4 Kf7 45. Kd5 Nd4 46. Nxe5+ Bxe5
47. Bxd4 Bc7 48. Be5 1-0

[Event "2LD 24/25,Polabiny C-Rychnov n/Kn"]
[Site ""]
[Date "2025.02.23"]
[Round "9.4"]
[White "Majocha, Piotr"]
[Black "Varejcko, Josef"]
[WhiteElo "2035"]
[BlackElo "2091"]
[Result "1-0"]
[PlyCount "63"]

1. Nf3 g6 2. c4 Bg7 3. d4 c5 4. e4 cxd4 5. Nxd4 Nc6 6. Be3 Nf6 7. Nc3 O-O 8.
Be2 d6 9. O-O Bd7 10. Qd2 Rc8 11. f3 a6 12. Rab1 Ne8 13. Nxc6 Bxc6 14. Rfc1 f5
15. exf5 gxf5 16. b4 Nf6 17. a4 Be8 18. a5 Bf7 19. Na4 Nd7 20. b5 Ra8 21. Bb6
Nxb6 22. axb6 Qe8 23. c5 dxc5 24. Rxc5 Be6 25. Rc7 Bc8 26. Bc4+ Kh8 27. bxa6
bxa6 28. Nc5 e5 29. Rxg7 Kxg7 30. Qg5+ Qg6 31. Qe7+ Rf7 32. Bxf7 1-0

[Event "2LD 24/25,Polabiny C-Rychnov n/Kn"]
[Site ""]
[Date "2025.02.23"]
[Round "9.5"]
[White "Kulhanek, Jachym"]
[Black "Zelba, Lukas"]
[WhiteElo "1972"]
[BlackElo "2083"]
[Result "1/2-1/2"]
[PlyCount "154"]

1. e4 c6 2. c4 d5 3. exd5 Nf6 4. d4 cxd5 5. Nf3 e6 6. Nc3 Be7 7. cxd5 Nxd5 8.
Bd3 Nc6 9. O-O Ncb4 10. Bb1 b6 11. a3 Nxc3 12. bxc3 Nd5 13. Qb3 O-O 14. Rd1 Bb7
15. Be4 Qc7 16. c4 Nf6 17. Bxb7 Qxb7 18. Bg5 Rfd8 19. a4 h6 20. Be3 a5 21. Rab1
Rac8 22. Ne5 Bb4 23. Nd3 Qc7 24. Nxb4 axb4 25. Rdc1 Ng4 26. g3 e5 27. d5 Nxe3
28. Qxe3 Qc5 29. Qd2 Qa5 30. Qxb4 Rxd5 31. Qxb6 Qxb6 32. Rxb6 Ra5 33. Rb4 Kf8
34. Kg2 Rca8 35. Ra1 Ke7 36. Kf3 R8a6 37. Ke4 Ke6 38. Kd3 f5 39. Kc3 Rd6 40. f3
Raa6 41. Re1 g6 42. Rb5 Rxa4 43. Rexe5+ Kf6 44. Ra5 Ra6 45. Rxa6+ Rxa6 46. Rb5
Ra3+ 47. Rb3 Ra1 48. Rb6+ Kf7 49. Rb2 Ra3+ 50. Rb3 Ra2 51. Kd4 Rxh2 52. Kd5
Rd2+ 53. Kc6 f4 54. gxf4 h5 55. c5 Ke6 56. Kb7 Rc2 57. c6 Kf5 58. c7 h4 59.
c8=Q+ Rxc8 60. Kxc8 h3 61. Rb7 Kxf4 62. Rh7 Kxf3 63. Rxh3+ Kf4 64. Rh4+ Kf3 65.
Rh3+ Kf4 66. Rh7 g5 67. Rf7+ Ke4 68. Rg7 Kf4 69. Kd7 g4 70. Ke6 g3 71. Kd5 Kf3
72. Rf7+ Ke3 73. Re7+ Kf2 74. Rf7+ Ke3 75. Re7+ Kf2 76. Ke4 g2 77. Rf7+ Ke2
 1/2-1/2

[Event "2LD 24/25,Polabiny C-Rychnov n/Kn"]
[Site ""]
[Date "2025.02.23"]
[Round "9.6"]
[White "Machlowski, Slawomir"]
[Black "Hostinsky, Jiri"]
[WhiteElo "1964"]
[BlackElo "2069"]
[Result "1-0"]
[PlyCount "63"]

1. g3 g6 2. Bg2 Bg7 3. d4 c5 4. d5 d6 5. c4 Nf6 6. Nc3 O-O 7. Nf3 Nbd7 8. O-O
a6 9. Qc2 Rb8 10. a4 Ne8 11. a5 b5 12. axb6 Qxb6 13. Nd2 Nc7 14. h3 Qb4 15. Ra4
Qb7 16. Ra3 Nb6 17. Kh2 Qa7 18. f4 e6 19. e4 Re8 20. e5 dxe5 21. d6 Nca8 22.
Bc6 Bb7 23. Nb5 axb5 24. Rxa7 Bxc6 25. fxe5 Bxe5 26. Rfxf7 Rf8 27. Rxf8+ Rxf8
28. Ne4 bxc4 29. Bh6 Rf3 30. d7 Nxd7 31. Qxc4 Bd5 32. Rxa8+ 1-0

[Event "2LD 24/25,Polabiny C-Rychnov n/Kn"]
[Site ""]
[Date "2025.02.23"]
[Round "9.7"]
[White "Stary, Vojtech"]
[Black "Novotny, Josef"]
[WhiteElo "1980"]
[BlackElo "1939"]
[Result "0-1"]
[PlyCount "64"]

1. e4 e6 2. d4 d6 3. Nc3 Nf6 4. f4 a6 5. Nf3 Nc6 6. a3 g6 7. Be2 Bg7 8. h3 O-O
9. Be3 Ne7 10. Qd2 b6 11. O-O-O Bb7 12. e5 Nd7 13. g4 Bxf3 14. Bxf3 d5 15. h4
c5 16. h5 cxd4 17. Bxd4 Nc6 18. Qh2 g5 19. h6 Bh8 20. Qh5 gxf4 21. Nxd5 Ncxe5
22. Nxb6 Nxf3 23. Nxd7 Nxd4 24. Nxf8 Rc8 25. c3 Kxf8 26. Kb1 Rxc3 27. bxc3 Qb6+
28. Ka1 Ne2 29. Rd8+ Qxd8 30. Qc5+ Kg8 31. Rh5 Qd1+ 32. Kb2 Bxc3+ 0-1

[Event "2LD 24/25,Polabiny C-Rychnov n/Kn"]
[Site ""]
[Date "2025.02.23"]
[Round "9.8"]
[White "Daniel, Jiri"]
[Black "Trasakova, Adela"]
[WhiteElo "1944"]
[BlackElo "1960"]
[Result "1/2-1/2"]
[PlyCount "37"]

1. d4 d5 2. c4 c6 3. Nc3 Nf6 4. Bg5 e6 5. Nf3 Nbd7 6. Rc1 Be7 7. e3 O-O 8. Be2
dxc4 9. Bxc4 c5 10. O-O b6 11. e4 cxd4 12. Nxd4 Ne5 13. Be2 Bb7 14. Nf3 Nxf3+
15. Bxf3 Nd5 16. Bxe7 Nxe7 17. Qe2 Ng6 18. Rfd1 Qe7 19. Qe3 1/2-1/2

[Event "2LD 24/25,Lipky HK B-Namest n/Osl A"]
[Site ""]
[Date "2025.02.23"]
[Round "9.1"]
[White "Cech, Pavel"]
[Black "Walek, Petr"]
[WhiteElo "2312"]
[BlackElo "2279"]
[Result "1/2-1/2"]
[PlyCount "70"]

1. d4 Nf6 2. Bg5 Ne4 3. Bf4 d5 4. e3 Bf5 5. f3 Nf6 6. c4 e6 7. g4 Bg6 8. Nc3
Nc6 9. h4 h5 10. g5 Ng8 11. cxd5 exd5 12. Qb3 Nb4 13. Rc1 Bd6 14. Bxd6 Qxd6 15.
Nb5 Qg3+ 16. Kd2 Na6 17. Rxc7 Nxc7 18. Ne2 Qxf3 19. Nxc7+ Kf8 20. Nxa8 Qxh1 21.
Qxb7 Nf6 22. gxf6 gxf6 23. Nf4 Qxf1 24. Nxg6+ fxg6 25. Nc7 Qf2+ 26. Kd1 Qf1+
27. Kd2 Qf2+ 28. Kd1 Qxe3 29. Qc8+ Kf7 30. Qxh8 Qxd4+ 31. Kc2 Qc4+ 32. Kb1 Qe4+
33. Kc1 Qf4+ 34. Kb1 Qf5+ 35. Kc1 Qf4+ 1/2-1/2

[Event "2LD 24/25,Lipky HK B-Namest n/Osl A"]
[Site ""]
[Date "2025.02.23"]
[Round "9.2"]
[White "Enoeckl, Philipp"]
[Black "Rosko, Lubos"]
[WhiteElo "2322"]
[BlackElo "2305"]
[Result "1/2-1/2"]
[PlyCount "67"]

1. d4 Nf6 2. Nc3 d5 3. Bf4 a6 4. e3 Bf5 5. f3 e6 6. g4 Bg6 7. h4 h6 8. Bd3 Bxd3
9. Qxd3 Bd6 10. Nge2 Qe7 11. O-O-O Nbd7 12. Bxd6 Qxd6 13. Nf4 g6 14. g5 Ng8 15.
h5 gxh5 16. Rxh5 O-O-O 17. Rdh1 c5 18. Nce2 e5 19. dxe5 Nxe5 20. Qf5+ Kb8 21.
gxh6 f6 22. Ng6 Ne7 23. Nxe7 Qxe7 24. e4 dxe4 25. fxe4 Qd6 26. Nc3 Qd2+ 27. Kb1
Nc4 28. Nd5 Qd4 29. c3 Qxe4+ 30. Qxe4 Nd2+ 31. Kc2 Nxe4 32. R5h4 Ng3 33. Rd1
Nf5 34. Rh5 1/2-1/2

[Event "2LD 24/25,Lipky HK B-Namest n/Osl A"]
[Site ""]
[Date "2025.02.23"]
[Round "9.3"]
[White "Winter, Ondrej"]
[Black "Kratochvil, Vit"]
[WhiteElo "2319"]
[BlackElo "2225"]
[Result "1/2-1/2"]
[PlyCount "59"]

1. e4 c5 2. Nf3 g6 3. c3 d5 4. e5 Bg7 5. d4 Nc6 6. Be2 a6 7. O-O cxd4 8. cxd4
Bg4 9. Nc3 Bxf3 10. Bxf3 e6 11. Be3 Nge7 12. Qd3 Nf5 13. Bg4 Nxe3 14. fxe3 O-O
15. Rf2 Qe7 16. Raf1 f5 17. exf6 Rxf6 18. Rxf6 Bxf6 19. Ne2 Bg5 20. e4 Rf8 21.
Rxf8+ Kxf8 22. Qf3+ Qf7 23. Bxe6 Qxf3 24. gxf3 dxe4 25. fxe4 Be3+ 26. Kf1 Nxd4
27. Nxd4 Bxd4 28. Bc8 Bxb2 29. Bxb7 h5 30. Ke2 1/2-1/2

[Event "2LD 24/25,Lipky HK B-Namest n/Osl A"]
[Site ""]
[Date "2025.02.23"]
[Round "9.4"]
[White "Zezula, Jakub"]
[Black "Juptner, Jan"]
[WhiteElo "2145"]
[BlackElo "2258"]
[Result "0-1"]
[PlyCount "72"]

1. e4 c5 2. Nf3 d6 3. d4 cxd4 4. Nxd4 Nf6 5. Nc3 a6 6. Be2 e6 7. g4 Qc7 8. g5
Nfd7 9. Be3 b5 10. a3 Bb7 11. h4 Nc5 12. Bf3 Nbd7 13. Qe2 Ne5 14. Bg2 Nc4 15.
O-O-O Qa5 16. Nb3 Qc7 17. Kb1 Na4 18. Nxa4 bxa4 19. Nd2 Nxe3 20. Qxe3 Be7 21.
f4 O-O 22. h5 Rab8 23. Qh3 Rfc8 24. Rc1 Qb6 25. b3 axb3 26. Nxb3 a5 27. g6 Bf6
28. e5 Bxg2 29. Qxg2 dxe5 30. gxf7+ Kxf7 31. fxe5 Bxe5 32. Rcf1+ Kg8 33. Rh4
Qe3 34. Qf3 Rxb3+ 35. cxb3 Rc1+ 36. Rxc1 Qxf3 0-1

[Event "2LD 24/25,Lipky HK B-Namest n/Osl A"]
[Site ""]
[Date "2025.02.23"]
[Round "9.5"]
[White "Nun, Jiri"]
[Black "Mrazik, Tomas"]
[WhiteElo "2228"]
[BlackElo "1987"]
[Result "1-0"]
[PlyCount "71"]

1. e4 c6 2. d4 d5 3. exd5 cxd5 4. Bd3 Nf6 5. c3 Nc6 6. Bf4 g6 7. h3 Bg7 8. Nf3
Bf5 9. Bxf5 gxf5 10. Ne5 e6 11. Nd3 Rc8 12. O-O O-O 13. Re1 Na5 14. Nd2 Ne4 15.
f3 Nxd2 16. Qxd2 Nc4 17. Qf2 Kh8 18. Kh1 b6 19. Re2 Bf6 20. Rg1 Bh4 21. g3 Bg5
22. Qe1 Bxf4 23. Nxf4 Qg5 24. h4 Qf6 25. b3 Nd6 26. Nxe6 Rfe8 27. Nf4 Rxe2 28.
Qxe2 Re8 29. Qd2 Qe7 30. Nxd5 Qb7 31. c4 b5 32. Re1 Re6 33. Rxe6 fxe6 34. Qf4
exd5 35. Qxd6 dxc4 36. Qf8# 1-0

[Event "2LD 24/25,Lipky HK B-Namest n/Osl A"]
[Site ""]
[Date "2025.02.23"]
[Round "9.6"]
[White "Kosut, Tomas"]
[Black "Voriskova, Anna"]
[WhiteElo "1940"]
[BlackElo "1984"]
[Result "1/2-1/2"]
[PlyCount "46"]

1. e4 c5 2. Nf3 Nc6 3. d4 cxd4 4. Nxd4 Nf6 5. Nc3 e5 6. Ndb5 d6 7. Bg5 a6 8.
Bxf6 gxf6 9. Na3 b5 10. Nd5 f5 11. exf5 Bxf5 12. Qf3 Nd4 13. Nc7+ Qxc7 14.
Qxa8+ Ke7 15. Qxa6 b4 16. Bd3 bxa3 17. O-O axb2 18. Rab1 Bxd3 19. Qxd3 Qxc2 20.
Qxc2 Nxc2 21. Rxb2 Nd4 22. Rc1 Ke6 23. Rc7 Bh6 1/2-1/2